Construction prospects for 2011 (Record no. 111891)

MARC details
000 -LEADER
fixed length control field 00794cad a22001935a 4500
001 - CONTROL NUMBER
control field L152147
008 - FIXED-LENGTH DATA ELEMENTS--GENERAL INFORMATION
fixed length control field 110202s2011 xxk f 000 0 eng d
035 ## - SYSTEM CONTROL NUMBER
System control number (Sirsi) u152147
041 0# - LANGUAGE CODE
Language code of text/sound track or separate title eng
110 2# - MAIN ENTRY--CORPORATE NAME
Corporate name or jurisdiction name as entry element Emap Glenigan
9 (RLIN) 4719
245 00 - TITLE STATEMENT
Title Construction prospects for 2011
Medium [electronic resource]
260 ## - PUBLICATION, DISTRIBUTION, ETC.
Place of publication, distribution, etc. Bournemouth
Name of publisher, distributor, etc. Glenigan
Date of publication, distribution, etc. 2011
520 ## - SUMMARY, ETC.
Summary, etc. A summary of Glenigan's forecasts for the construction industry in 2011 for each sector; a table illustrating the value of underlying project starts by sector for 2009, 2010 and 2011.
590 ## - LOCAL NOTE (RLIN)
Local note KA NTK
651 #4 - SUBJECT ADDED ENTRY--GEOGRAPHIC NAME
Geographic name United Kingdom
Chronological subdivision
690 ## - LOCAL SUBJECT ADDED ENTRY--TOPICAL TERM (OCLC, RLIN)
Topical term or geographic name as entry element BUILT ENVIRONMENT-CONSTRUCTION MARKET
856 40 - ELECTRONIC LOCATION AND ACCESS
Uniform Resource Identifier <a href="https://www.glenigan.com/PDF/Construction_Prospects_for_2011.pdf">https://www.glenigan.com/PDF/Construction_Prospects_for_2011.pdf</a>
Public note View this item free of charge at www.glenigan.com
942 ## - ADDED ENTRY ELEMENTS (KOHA)
Suppress in OPAC 0
Holdings
Withdrawn status Lost status Source of classification or shelving scheme Damaged status Not for loan Home library Current library Shelving location Date acquired Total Checkouts Full call number Barcode Date last seen Copy number Price effective from Koha item type
    Dewey Decimal Classification     Virtual Virtual Online 02/02/2011   ONLINE PUBLICATION 152147-1001 06/08/2019 1 06/08/2019 Book